Vedecký seminár mladých ekonómov

Bibliographic Details
Main Author: Hermannová, Lýdia (Author)
Format: Article
Language:Slovak
Subjects:

MARC

LEADER 00000nab a2200000 a 4500
001 vtls000013779
003 SK-MaSNL
005 20260304071040.0
008 250422c1978 xo 0 slo
015 |a SNBRB19rr/mm-uuuuu 
035 |a CL0023873 
035 |a urn:nbn:sk:snk-ab6q41 
035 |a (uuid)e18f7d8f-6567-429f-8703-a5e379a42916 
035 |a (urnnbn)urn:nbn:sk:snk:ar-a0542i 
035 |a (sysno)vtls000013779 
040 |a SNKBUCL  |b slo  |c SNKBUCL  |e AACR2 
041 0 |a slo 
044 |a xo  |c SK 
080 |a 330.1  |2 1981 
100 1 |a Hermannová, Lýdia  |4 aut  |9 549416 
245 1 0 |a Vedecký seminár mladých ekonómov  |c Lýdia Hermannová 
650 0 7 |a ekonomika socialistická  |2 snkbucl  |9 921629 
650 0 7 |a ekonomická efektívnosť  |2 snkbucl  |9 74879 
655 7 |a články z novín a časopisov  |2 snkbucl  |9 267496 
773 0 |t Ekonomický časopis  |g Roč. 26, č. 4 (1978), s. 407-408 
850 |a Slovenská národná knižnica 
852 |a Slovenská národná knižnica 
954 |a odborná, vedecká literatúra pôvodná (slovenská)  |2 lita 
957 |a 3100 
958 |a article27 
958 |a RK 
958 |a OND 
958 |a EUIPO 
992 |a RBX 
999 |c 2758686  |d 2760616